000 00530cam a2200181 4500500
005 20260405001924.0
041 _afre
042 _adc
100 1 0 _aOrtoli, Sven
_eauthor
245 0 0 _aLa fête des chimères
260 _c2014.
500 _a3
690 _aChimère
690 _aCyborg
690 _aDonna Haraway
786 0 _nPhilosophie magazine | 85 | 12-1 | 2014-12-01 | p. 13-13 | 1951-1787
856 4 1 _uhttps://shs.cairn.info/magazine-philosophie-magazine-2014-12-1-page-13?lang=fr&redirect-ssocas=7080
999 _c2052380
_d2052380